书目信息 |
| 题名: |
政府形象与民意思维
|
|
| 作者: | 唐钧 著 | |
| 分册: | ||
| 出版信息: | 北京 中国传媒大学出版社 2009.08 |
|
| 页数: | 320页 | |
| 开本: | 26cm | |
| 丛书名: | ||
| 单 册: | ||
| 中图分类: | D630.1 , D668 | |
| 科图分类: | ||
| 主题词: | 国家行政机关--行政管理--中国 , 民意测验--中国 , 国家行政机关 , 行政管理 , 民意测验 | |
| 电子资源: | ||
| ISBN: | 978-7-81127-667-1 | |
| 000 | 01261nam0 2200301 450 | |
| 001 | 010050008102 | |
| 005 | 20091202085217.39 | |
| 010 | @a978-7-81127-667-1@dCNY45.00 | |
| 100 | @a20090811d2009 em y0chiy0110 ea | |
| 101 | 0 | @achi |
| 102 | @aCN@b110000 | |
| 105 | @aak z 000yy | |
| 106 | @ar | |
| 200 | 1 | @a政府形象与民意思维@9zheng fu xing xiang yu min yi si wei@e政府直面群众与群众博弈政府@e2008~2009@f唐钧著 |
| 210 | @a北京@c中国传媒大学出版社@d2009.08 | |
| 215 | @a320页@c图@d26cm | |
| 330 | @a当政府直面群众时,群众也在博弈政府,产生了政府形象与民意思维的碰撞。政府形象存在着“得分难”、失分易得特征,而民意思维存在着主观判断严重、非主流意识抬头的倾向。并且,政府形象有断裂带,民意思维有混沌带,双方均亟待完善。在此情况下,政府若要提升形象,则需积极引领社会和群众,并妥善协调纠纷与矛盾。而群众若要发挥民意,则需合理监督政府,适度和有效维权。 | |
| 517 | 1 | @a政府直面群众与群众博弈政府@9zheng fu zhi mian qun zhong yu qun zhong bo yi zheng fu |
| 606 | 0 | @a国家行政机关@x行政管理@y中国 |
| 606 | 0 | @a民意测验@y中国 |
| 606 | 0 | @a国家行政机关 |
| 606 | 0 | @a行政管理 |
| 606 | 0 | @a民意测验 |
| 690 | @aD630.1@v4 | |
| 690 | @aD668@v4 | |
| 701 | 0 | @a唐钧@9tang jun@4著 |
| 801 | 0 | @aCN@bRENTIAN@c20091202 |
| 905 | @b794505-09@dD630.1@e142@f5 | |
| 政府形象与民意思维:政府直面群众与群众博弈政府:2008~2009/唐钧著.-北京:中国传媒大学出版社,2009.08 |
| 320页:图;26cm |
| ISBN 978-7-81127-667-1:CNY45.00 |
| 当政府直面群众时,群众也在博弈政府,产生了政府形象与民意思维的碰撞。政府形象存在着“得分难”、失分易得特征,而民意思维存在着主观判断严重、非主流意识抬头的倾向。并且,政府形象有断裂带,民意思维有混沌带,双方均亟待完善。在此情况下,政府若要提升形象,则需积极引领社会和群众,并妥善协调纠纷与矛盾。而群众若要发挥民意,则需合理监督政府,适度和有效维权。 |
| ● |
| 相关链接 |
|
|
|
|
正题名:政府形象与民意思维
索取号:D630.1/142
 
预约/预借
| 序号 | 登录号 | 条形码 | 馆藏地/架位号 | 状态 | 备注 |
| 1 | 794505 | 207945054 | 第一样本阅览室/ [索取号:D630.1/142] | 在馆 | |
| 2 | 794506 | 207945063 | 第一借阅区/ [索取号:D630.1/142] | 在馆 | |
| 3 | 794507 | 207945072 | 第一借阅区/ [索取号:D630.1/142] | 在馆 | |
| 4 | 794508 | 207945081 | 第一借阅区/ [索取号:D630.1/142] | 在馆 | |
| 5 | 794509 | 207945090 | 第一借阅区/ [索取号:D630.1/142] | 在馆 |